Riadená raketa APKWS II

Podrobná bibliografia
Hlavný autor: Gyűrösi, Miroslav, 1965- (Autor, Fotograf)
Médium: Článok
Jazyk:slovenčina
Fyzický popis:Fotogr.
ISSN:1802-4823
Predmet:

MARC

LEADER 00000nab a2200000 a 4500
001 vtls010649453
003 SK-MaSNL
005 20260303085120.0
008 150126 2015 xo m p 000 0 slo
015 |a SNBRB2015/01  |2 lmaosk 
040 |a LMAOSK  |b slo  |c LMAOSK  |e AACR2 
041 |a slo 
044 |a xo  |c SK 
080 |a 623.46  |2 2001 
080 |a (046)  |2 2001 
100 1 |a Gyűrösi, Miroslav,  |d 1965-  |4 aut  |4 pht  |9 388192 
245 1 0 |a Riadená raketa APKWS II  |c text a foto Miroslav Gyűrösi 
300 |b Fotogr. 
650 0 7 |a APKWS II (riadená raketa)  |2 LMAOSK  |9 1094148 
650 0 7 |a raketové zbrane  |2 SNKPH  |9 69234 
650 0 7 |a riadené strely  |2 SNKPH  |9 50991 
655 7 |a články  |2 SNKPH  |9 70601 
773 0 |t ATM  |g Roč. 47, č. 1 (2015), s. 48-49  |x 1802-4823 
852 |a LMAOSK  |b KIS3GCP 
958 |a NB 
999 |c 1797996  |d 1799926